Estado, sociedad y educación en la argentina de fin de siglo /
Guardado en:
| Autor Principal: | |
|---|---|
| Formato: | Libro |
| Publicado: |
Buenos Aires :
Troquel,
1999
|
| Etiquetas: |
Agregar Etiqueta
Sin Etiquetas, Sea el primero en etiquetar este registro!
|
| LEADER | 00434nam a22001455a 4500 | ||
|---|---|---|---|
| 001 | CEM.cems010293 | ||
| 005 | 20060214000000.0 | ||
| 008 | 130507s1999##################000#0#####d | ||
| 003 | CEMS | ||
| 082 | 0 | 4 | |a 370.982 |
| 100 | 1 | |a Filmus, Daniel | |
| 245 | 1 | 0 | |a Estado, sociedad y educación en la argentina de fin de siglo / |
| 260 | |a Buenos Aires : |b Troquel, |c 1999 | ||
| 300 | |a 159 p.1 | ||
| 859 | |a CEMS |b BIB. CEMS - 11 de abril |h 370.982 |i F48 |p 20820.00 |t Ej.1 | ||
